000 00726cam a2200277 4500
001 J92142
008 090401t1998 xxu||||| |||| 00| 0 eng d
035 _a(Sirsi) u86648
041 _aeng
050 _a333.33016
110 _aJones Lang Wootton
_92909
245 4 _aThe UK property index. - First quarter 1998 - Fourth quarter 1998
260 _aLondon
_bJones Lang Wootton
_c1998
300 _a4 pt. ; 30cm.
350 _a0
650 _aCAPITAL VALUES
650 _aINDUSTRIAL PROPERTY
650 _aOFFICES
650 _aPROPERTY INDICES
650 _aPROPERTY INVESTMENT
650 _aRENTAL VALUES
650 _aSHOPS
690 _aPROPERTY-COMMERCIAL PROPERTY
942 _n0
948 _c08/06/1998
999 _c97149
_d97149